000 00818nam a2200217Ia 4500
003 GCL
005 20240530104825.0
008 140319s9999 xx 000 0 ara d
040 _aGCL /
_cGCL
082 0 4 _a810.80384
_bا م
100 1 _aابوالعلا عفيفى
245 1 0 _aمشكاة الانوار /
_cابوالعلا عفيفى
260 _aالقاهرة :
_bالدار القومية للطباعة والنشر ،
_c1964
300 _a95 ص ؛
_c24 سم
490 _aالمكتبة العربية
_v0
650 0 4 _aالفلسفة الاسلامية
650 0 4 _aالرسائل الفلسفية
650 0 4 _aابوحامد الغزالى
700 1 _aالغزالى : حجة الاسلام ابو حامد محمد بن محمد بن محمد بن احمد الطوسى
942 _2ddc
_cBK
999 _c50956
_d50956